000 00827nam a2200253Ia 4500
003 OSt
005 20220923211644.0
006 a|||||r|||| 00| 0
007 ta
008 220922b |||||||| |||| 00| 0 hin d
024 _a40,272
037 _cTextual
040 _aARTS
_cARTS
_bhin
041 _2hin
_ahin
082 _aO15,1:g(P:75), 152M8
100 _aकौशिक, जगदीशप्रसाद
245 0 _aअलंकार - शास्त्र
246 _aAlankār - shāstra
260 _aजयपुर
_b ग्रन्थ विकास
_c1988
300 _a115पृ.
_ccm.
650 _aहिन्दी साहित्य
_9156264
942 _hO15,1:g(P:75), 152M8
_cTEXL
_2CC
999 _c302236
_d302236